| 000 | 01665nam0a22004091 4500 | ||
|---|---|---|---|
| 001 | RU\NLR\Evr\1773 | ||
| 005 | 20251202160538.0 | ||
| 035 | _a(NLR Aleph) 011418165 | ||
| 090 |
_a51390 _c51390 |
||
| 100 | _a20070322d1941 u y0rusy50 ca | ||
| 101 | 1 | _ayid | |
| 102 | _aRU | ||
| 105 | _aa ||||||||| | ||
| 200 | 1 |
_6a01 _7ba _aMayselekh un lider _fS. Marshak _gAvtorizirte iberzettsung fun Ya. Zeldin |
|
| 210 |
_6a01 _aMoskve _cDer emes _d1941 _7ba |
||
| 210 |
_6a01 _9z02 _aמאָסקווע _cדער עמעס _d1941 |
||
| 210 |
_9z02 _aМосква _cДер эмес _d1941 _7ca |
||
| 215 |
_a63 с. _cИл. _d17 см. |
||
| 510 | 1 |
_6a01 _aמייסעלעכ אונ לידער _fס. מארשאק _gאווטאָריזירטע איבערזעצונג פונ יא. זעלדינ |
|
| 541 | 1 |
_aСказочки и стихи _zrus |
|
| 700 | 1 |
_6a01 _aМаршак _bС. Я. _f1887-1964 _gСамуил Яковлевич _3RU\NLR\AUTH\774792 _4070 _7ca |
|
| 702 | 1 |
_6a01 _aЗельдин _bЯ. _f1901-1942 _gЯша _3RU\NLR\AUTH\7949497 _4730 _7ca |
|
| 702 | 1 |
_6a01 _aZeldin _bYa. _4730 _7ba |
|
| 702 | 1 |
_6a01 _aזעלדין _b.יא _4730 |
|
| 790 | 1 |
_6a01 _aMaršak _bS. J. _f1887-1964 _gSamuil Jakovlevič _3RU\NLR\AUTH\770278106 _4070 _7ba |
|
| 790 | 1 |
_6a01 _aמארשאק _b.ס.יא _gסאמויל יאקאָוולעוויטש _4070 |
|
| 801 | 0 |
_aRU _bNLR _c20070322 _gpsbo |
|
| 801 | 0 |
_aRU _bNLR _gPSBO |
|
| 801 | 1 |
_aRU _bNLR _c20070322 _2rusmarc |
|
| 801 | 2 |
_aRU _bNLR _c20070403 _2rusmarc |
|
| 852 |
_aNLR _bОЛСАА/идиш _jК-5994 |
||
| 942 | _cBOOK | ||
| 945 | _aРоссийская национальная библиотека | ||
| 980 | _aNB | ||
| 980 | _aBV | ||
| 980 | 1 | _aIDISH | |